| 000 | 00360nam a2200133Ia 4500 | ||
|---|---|---|---|
| 999 |
_c3343 _d3343 |
||
| 008 | 200103s 2006 ||||xx |||||||||||||| ||und|| | ||
| 020 | _a9789280142150 | ||
| 082 |
_a348.023 _bIMO |
||
| 100 | _aIMO | ||
| 245 | 0 | _aIMDG: International maritime dangerous goods code : IMDG Gode. Suppl. | |
| 260 |
_bIMO _c2006 _aLondon |
||
| 300 | _av, 383P. | ||
| 942 | _cBK | ||